[Event "Budapest FS08 IM"]
[Site "Budapest"]
[Date "1994.??.??"]
[Round "12"]
[White "Szabo, Zsolt"]
[Black "Hjelm, Niclas"]
[Result "1-0"]
[WhiteElo "2345"]
[BlackElo "2375"]

1.d4 Nf6 2.c4 g6 3.Nc3 d5 4.cxd5 Nxd5 5.e4 Nxc3 6.bxc3 Bg7 7.Nf3 c5 8.Rb1 O-O
9.Be2 cxd4 10.cxd4 Qa5+ 11.Bd2 Qxa2 12.O-O b6 13.Qc1 Qe6 14.Bc4 Qxe4 15.Bxf7+ Rxf7
16.Qxc8+ Rf8 17.Qc4+ e6 18.Rb5 Qc6 19.Qb3 Na6 20.Rc1 Qd7 21.h4 Nc7 22.Rg5 Kh8
23.h5 gxh5 24.Rxh5 Rf5 25.Ng5 h6 26.Rxc7 Qxc7 27.Qxe6 Rf6 28.Rxh6+ Bxh6 29.Qxf6+ Qg7
30.Nf7+ Kh7 31.Qf5+ Qg6 32.Nxh6 Qxf5 33.Nxf5 a5 34.Nd6 a4 35.Bc3 a3 36.Kf1 a2
37.Ba1 Rd8 38.Ne4 Rc8 39.Nc3 b5 40.Ke1 b4 41.Nxa2 Ra8 42.Nxb4 Rxa1+ 43.Ke2 Kg6
44.Nd5 Kf5 45.Kf3 Ra2 46.Ne3+ Ke6 47.g4 Rd2 48.Nf5 Kd5 49.Ke3 Ra2 50.f3 Ra3+
51.Kf4 Rd3 52.g5 Ke6 53.Ke4 Rd1 54.Ne3 Rg1 55.f4 Re1 56.f5+ Kf7 57.d5 Ra1
58.d6 Ra5 59.Nd5 Ra1 60.d7  1-0

[Event "Budapest FS07 IM"]
[Site "Budapest"]
[Date "1994.??.??"]
[Round "12"]
[White "Eperjesi, Laszlo"]
[Black "Castelfranchi, Carlo"]
[Result "1/2-1/2"]
[WhiteElo "2370"]
[BlackElo "2290"]

1.d4 Nf6 2.c4 g6 3.Nc3 d5 4.cxd5 Nxd5 5.e4 Nxc3 6.bxc3 Bg7 7.Be3 c5 8.Bb5+ Bd7
9.Bxd7+ Nxd7 10.Ne2 O-O 11.O-O Rc8 12.Rb1 Qc7 13.d5 Nf6 14.f3 Rfd8 15.Qb3 b6
16.c4 Ne8 17.f4 e5 18.f5 f6 19.Nc3 Qd7 20.Rf3 g5 21.g4 Nd6 22.Rh3 Rb8 23.a4 Qb7
24.Nb5 Nxe4 25.Qc2 a6 26.Qxe4 axb5 27.Rxb5 Qa6 28.Qc2 Ra8 29.a5 bxa5 30.Bxc5 Rxd5
31.Rb6 Rxc5 32.Rxa6 Rxa6 33.Qd3 Rac6 34.Qd8+ Bf8 35.Qd7 Rc7 36.Qe6+ Kg7 37.Rd3 Rxc4
38.Rd7+ Rxd7 39.Qxd7+ Kh6 40.h3 Bc5+  1/2-1/2

[Event "Buenos Aires PRENAJ"]
[Site "Buenos Aires"]
[Date "1994.??.??"]
[Round "2"]
[White "Restifa, Hector"]
[Black "Sanchez Almeyra, Jorge"]
[Result "1/2-1/2"]
[WhiteElo "2310"]
[BlackElo "2435"]

1.d4 Nf6 2.c4 g6 3.Nc3 d5 4.cxd5 Nxd5 5.e4 Nxc3 6.bxc3 Bg7 7.Bc4 c5 8.Ne2 Nc6
9.Be3 O-O 10.O-O Qc7 11.Rc1 Rd8 12.Qd2 Qa5 13.Qb2 b6 14.Rfd1 Ba6 15.Qb3 e6
16.a4 Rac8 17.dxc5 bxc5 18.f4  1/2-1/2

[Event "Buenos Aires PRENAJ"]
[Site "Buenos Aires"]
[Date "1994.??.??"]
[Round "6"]
[White "Mellano, Santiago"]
[Black "Sanchez Almeyra, Jorge"]
[Result "1/2-1/2"]
[WhiteElo "2300"]
[BlackElo "2435"]

1.d4 Nf6 2.c4 g6 3.Nc3 d5 4.cxd5 Nxd5 5.e4 Nxc3 6.bxc3 Bg7 7.Nf3 c5 8.Rb1 O-O
9.Be2 cxd4 10.cxd4 Qa5+ 11.Bd2 Qxa2 12.O-O Bg4 13.d5 Nd7 14.Rxb7 Rfb8 15.Qb1 Qxb1
16.Rfxb1 Rxb7 17.Rxb7 Nc5 18.Rxe7 Bf8 19.Rc7 Nxe4 20.Be3  1/2-1/2

[Event "ARG-World"]
[Site "Buenos Aires"]
[Date "1994.??.??"]
[Round "9"]
[White "Cramling, Pia"]
[Black "Ricardi, Pablo"]
[Result "1/2-1/2"]
[WhiteElo "2515"]
[BlackElo "2470"]

1.d4 Nf6 2.c4 g6 3.Nc3 d5 4.cxd5 Nxd5 5.e4 Nxc3 6.bxc3 Bg7 7.Bc4 c5 8.Ne2 O-O
9.O-O Nc6 10.Be3 Bg4 11.f3 Bd7 12.Rb1 a6 13.Bd3 cxd4 14.cxd4 b5 15.Qd2 Qa5  1/2-1/2

[Event "ESP-chT"]
[Site "Cala Galdana"]
[Date "1994.??.??"]
[Round "?"]
[White "Gallego, Victoriano"]
[Black "Fernandez, Juan Luis"]
[Result "0-1"]
[WhiteElo "2360"]
[BlackElo "2285"]

1.d4 Nf6 2.c4 g6 3.Nc3 d5 4.cxd5 Nxd5 5.e4 Nxc3 6.bxc3 Bg7 7.Nf3 c5 8.Rb1 O-O
9.Be2 b6 10.O-O Bb7 11.Qd3 Ba6 12.Qe3 cxd4 13.cxd4 Qd7 14.Bxa6 Nxa6 15.Ba3 Rfc8
16.Rfc1 e6 17.h3 Rxc1+ 18.Rxc1 Rc8 19.Rxc8+ Qxc8 20.d5 Qc3 21.Qxc3 Bxc3 22.dxe6 fxe6
23.Ng5 e5 24.Bd6 Kg7 25.Ne6+ Kf6 26.Nd8 Bb4 27.Bxb4 Nxb4 28.a3 Nc2 29.Nc6 Nxa3
30.Nxa7 Ke6 31.Nc6 Kd6 32.Nb4 Kc5 33.Nd5 b5 34.Kf1 b4 35.Ke2 b3  0-1

[Event "ESP-chT"]
[Site "Cala Galdana"]
[Date "1994.??.??"]
[Round "?"]
[White "San Segundo, Pablo"]
[Black "Fernandez, Juan Luis"]
[Result "1-0"]
[WhiteElo "2470"]
[BlackElo "2285"]

1.d4 Nf6 2.c4 g6 3.Nc3 d5 4.cxd5 Nxd5 5.e4 Nxc3 6.bxc3 Bg7 7.Bb5+ c6 8.Ba4 O-O
9.Ne2 b6 10.Be3 Ba6 11.h4 e5 12.h5 exd4 13.cxd4 c5 14.hxg6 hxg6 15.Qd2 Qe7
16.Bh6 Qxe4 17.Bxg7 Kxg7 18.Qh6+ Kf6 19.O-O Bxe2 20.Qxf8 Bxf1 21.Qh8+ Kg5
22.Rxf1 Na6 23.f4+ Qxf4 24.Qxa8 Qxd4+ 25.Rf2 Qxa4 26.Qd8+ Kg4 27.g3 g5 28.Qc8+ Kxg3
29.Rg2+ Kf3 30.Qh3+  1-0

[Event "Cappelle op"]
[Site "Cappelle la Grande"]
[Date "1994.??.??"]
[Round "4"]
[White "Gavrilov, Alexei"]
[Black "Gerard, Nicolas"]
[Result "1-0"]
[WhiteElo "2430"]
[BlackElo "2160"]

1.d4 Nf6 2.c4 g6 3.Nc3 d5 4.cxd5 Nxd5 5.e4 Nxc3 6.bxc3 Bg7 7.Qa4+ Bd7 8.Qa3 O-O
9.Nf3 Bg4 10.Be2 Qd6 11.h3 Bc8 12.O-O b6 13.Qb3 c5 14.Be3 Nd7 15.e5 Qc7 16.e6 fxe6
17.Ng5 Nf6 18.Bc4 Nd5 19.Bxd5 exd5 20.Qxd5+ e6 21.Qxa8 Bb7 22.Nxe6 Qc6 23.Qxb7 Qxb7
24.Nxf8 Bxf8 25.dxc5 Bxc5 26.Bxc5 bxc5 27.Rab1 Qf7 28.Rfd1 Kg7 29.Rb3 Kh6
30.g3 Qf5 31.Rb7 Qe6 32.Rdd7 Qe1+ 33.Kg2 Qxc3 34.Rxh7+ Kg5 35.Rbf7  1-0

[Event "Cappelle op"]
[Site "Cappelle la Grande"]
[Date "1994.??.??"]
[Round "4"]
[White "Vaisser, Anatoli"]
[Black "Jasnikowski, Zbigniew"]
[Result "1-0"]
[WhiteElo "2575"]
[BlackElo "2475"]

1.d4 Nf6 2.c4 g6 3.Nc3 d5 4.cxd5 Nxd5 5.e4 Nxc3 6.bxc3 Bg7 7.Nf3 c5 8.Rb1 O-O
9.Be2 cxd4 10.cxd4 Qa5+ 11.Bd2 Qxa2 12.O-O a5 13.Qc1 Bg4 14.Bc4 Qa4 15.Bb5 Qa2
16.Bc4 Qa4 17.Ng5 Na6 18.Nxf7 Rxf7 19.Rxb7 Rc8 20.Bxf7+ Kxf7 21.Bc3 Be2 22.Qf4+ Bf6
23.Ra1 Qc6 24.Rb3 Kg8 25.e5 Bg7 26.Bxa5 Qd5 27.Rbb1 Bb5 28.f3 Rc4 29.Qe4 Bc6
30.Qxd5+ Bxd5 31.Bd8 Rxd4 32.Bxe7 Nc7 33.Rb8+ Kf7 34.Ra7 Ke6 35.Bg5 Kxe5
36.h4 h6 37.g4  1-0

[Event "Cappelle op"]
[Site "Cappelle la Grande"]
[Date "1994.??.??"]
[Round "5"]
[White "Naumkin, Igor"]
[Black "Mohandesi, Shahin"]
[Result "1-0"]
[WhiteElo "2455"]
[BlackElo "2305"]

1.d4 Nf6 2.c4 g6 3.Nc3 d5 4.cxd5 Nxd5 5.e4 Nxc3 6.bxc3 Bg7 7.Bc4 c5 8.Ne2 O-O
9.O-O Nc6 10.Be3 Bg4 11.f3 Bd7 12.Rb1 Qc7 13.Bd3 e6 14.Qd2 Rfd8 15.Bg5 f6
16.Bh4 Be8 17.d5 exd5 18.exd5 Ne5 19.c4 Kh8 20.Nc3 Rd6 21.Ne4 Ra6 22.Be2 f5
23.Ng5 Bf6 24.Bg3 Qd7 25.Rfe1 h6 26.Ne6 Rxe6 27.Qxh6+ Kg8 28.dxe6 Qe7 29.Qc1 Nc6
30.Bf1 Nd4 31.Be5 Bc6 32.Bxf6 Qxf6 33.e7 Re8 34.Qe3 Kf7 35.Qh6 b6 36.Qh7+ Qg7
37.Qxg7+ Kxg7 38.Kf2 Kf6 39.Rbd1 Bd7 40.Rd2 Be6 41.h4 Rxe7 42.f4 Rh7 43.g3 Re7
44.Re3 Rc7 45.Ke1 Bf7 46.Kd1 Be6 47.Kc1 Bd7 48.Kb2 a6 49.Kc3 b5 50.a3 Be6
51.Rb2 Bd7 52.Re5 Rc8 53.Rd5 Ke7 54.Rb1 Rc7 55.Re1+ Ne6 56.h5 gxh5 57.Rxf5 Rc8
58.Rxh5 Kd6 59.Rd5+  1-0

[Event "Casablanca"]
[Site "Casablanca"]
[Date "1994.??.??"]
[Round "7"]
[White "Elbilia, Jacques"]
[Black "Plachetka, Jan"]
[Result "1/2-1/2"]
[WhiteElo "2290"]
[BlackElo "2435"]

1.d4 Nf6 2.c4 g6 3.Nc3 d5 4.cxd5 Nxd5 5.e4 Nxc3 6.bxc3 Bg7 7.Bc4 c5 8.Ne2 O-O
9.O-O Qc7 10.d5 Nd7 11.Rb1 Nb6 12.Bd3 Bd7 13.c4 e5 14.Nc3 Nc8 15.g4 Nd6 16.Kh1 Qd8
17.Rg1 Qh4 18.Qf3 f6 19.Qg3 Qxg3 20.Rxg3 b6 21.a4 Nf7 22.a5 Rfb8 23.a6 Bh6
24.Bxh6 Nxh6 25.f3 Nf7 26.h4 Nd6 27.Rg2 Kf7 28.Kg1 Ke7 29.Kf2 Rc8 30.Ke3 Rc7
31.h5 g5 32.Ra2 Rb8 33.Rab2 Bc8 34.Ra2 Bd7 35.Rab2 Bc8  1/2-1/2

[Event "Catania op"]
[Site "Cattolica"]
[Date "1994.??.??"]
[Round "2"]
[White "Petursson, Margeir"]
[Black "Sale, Srdjan"]
[Result "1-0"]
[WhiteElo "2540"]
[BlackElo "2405"]

1.d4 Nf6 2.c4 g6 3.Nc3 d5 4.cxd5 Nxd5 5.e4 Nxc3 6.bxc3 Bg7 7.Nf3 O-O 8.Be2 c5
9.O-O Nc6 10.Be3 Qa5 11.Rc1 Rd8 12.d5 e6 13.Qb3 exd5 14.exd5 Ne7 15.Bg5 Bf8
16.Rfe1 h6 17.Bf6 Rd6 18.Be5 Rd8 19.Bf6 Rd6 20.Be5 Rd8 21.d6 Nf5 22.Bc4 Nxd6
23.Bxd6 Bxd6 24.Bxf7+ Kg7 25.Bd5 Qb6 26.Qc4 Qc7 27.Be6 Re8 28.Rcd1 b5 29.Qd5 Bxe6
30.Rxe6 Rxe6 31.Qxe6 Rd8 32.g3 Qe7 33.Qg4 Rf8 34.Re1 Qf7 35.Re3 c4 36.Qd4+ Qf6
37.Qxa7+ Rf7 38.Qd4 b4 39.Qxc4 Rc7 40.Qd5 bxc3 41.Re6 c2 42.Rxf6 c1=Q+ 43.Kg2 Kxf6
44.Qxd6+ Kg7 45.Ne5 Qc2 46.h4 h5 47.a4 Qe4+ 48.Kh2 Qc2 49.Qb6 Rc5 50.Nd3 Rc4
51.Qa7+ Kf6 52.Qb6+ Kg7 53.Qa7+ Kf6 54.Qe3 Rxa4 55.Nc5 Ra2 56.Ne4+ Kf7 57.Qf4+ Kg8
58.Qb8+ Kf7 59.Qb7+ Kg8 60.Qd5+ Kg7 61.Qe5+ Kf8 62.Qf6+ Ke8 63.Qxg6+ Kd8
64.Qf5 Kc7 65.Qxh5  1-0

[Event "Catania op"]
[Site "Cattolica"]
[Date "1994.??.??"]
[Round "8"]
[White "Naumkin, Igor"]
[Black "Sale, Srdjan"]
[Result "0-1"]
[WhiteElo "2475"]
[BlackElo "2405"]

1.d4 Nf6 2.c4 g6 3.Nc3 d5 4.cxd5 Nxd5 5.e4 Nxc3 6.bxc3 Bg7 7.Bc4 c5 8.Ne2 cxd4
9.cxd4 Nc6 10.Be3 Qa5+ 11.Bd2 Qa3 12.O-O O-O 13.Rb1 Qd6 14.e5 Qd8 15.Be3 b6
16.h4 Bb7 17.h5 Rc8 18.Bd3 Qd7 19.hxg6 hxg6 20.Qd2 Rfd8 21.Rbd1 Na5 22.Bh6 Qg4
23.f3 Qh5 24.Bg5 f6 25.exf6 exf6 26.Be3 Nc4 27.Bxc4+ Rxc4 28.Qd3 Ba6 29.Nf4 Qf5
30.Qa3 Bb5 31.Qxa7 Re8 32.Qa3 Bh6 33.g3 Bxf4 34.Bxf4 g5 35.Be3 Qh3 36.Bf2 Rc7
37.Qb3+ Bc4 38.Qb1 Kg7 39.Qxb6 Rh8 40.Qxc7+ Kg6  0-1

[Event "FRA-ch"]
[Site "Chambery"]
[Date "1994.??.??"]
[Round "?"]
[White "Chabanon, Jean Luc"]
[Black "Vareille, Francois"]
[Result "1-0"]
[WhiteElo "2475"]
[BlackElo "2430"]

1.d4 Nf6 2.c4 g6 3.Nc3 d5 4.cxd5 Nxd5 5.e4 Nxc3 6.bxc3 Bg7 7.Bc4 c5 8.Ne2 O-O
9.O-O Nc6 10.Be3 Qc7 11.Rc1 Rd8 12.Bf4 Qd7 13.d5 Na5 14.Bd3 b6 15.Qd2 e5
16.Be3 f5 17.Bg5 Re8 18.exf5 gxf5 19.Ng3 Qxd5 20.Nxf5 e4 21.Nxg7 Kxg7 22.Bh6+ Kg8
23.Rfe1 Bb7 24.Qe3 Re6 25.Be2 Nc4 26.Qf4 Ne5 27.Rcd1 Qc6 28.Qg5+ Ng6 29.Bc4 Kh8
30.Bxe6 Qxe6 31.Rd8+  1-0

[Event "USA-op"]
[Site "Chicago"]
[Date "1994.??.??"]
[Round "6"]
[White "Chow, Albert"]
[Black "Yermolinsky, Alex"]
[Result "1/2-1/2"]
[WhiteElo "2270"]
[BlackElo "2590"]

1.d4 Nf6 2.c4 g6 3.Nc3 d5 4.cxd5 Nxd5 5.e4 Nxc3 6.bxc3 Bg7 7.Bc4 O-O 8.Ne2 Qd7
9.O-O b6 10.Be3 Bb7 11.f3 Rd8 12.Rc1 Nc6 13.Qd2 Na5 14.Bd3 c5 15.h4 Qa4 16.Bh6 Nc4
17.Bxc4 Bxh6 18.Qxh6 Qxc4 19.Qd2 Ba6 20.Rfe1 Qd3 21.Rcd1 Qxd2 22.Rxd2 Bxe2
23.Rexe2 cxd4 24.cxd4 e6 25.Kf2 Rac8 26.Ke3 Rc4 27.Rd3 Kf8 28.Rb2 Ke7 29.g4 Rc1
30.Rdd2 Rdc8 31.g5 Rh1 32.Rh2 Rxh2 33.Rxh2 Rc3+ 34.Kf4 Kd6 35.Rd2 Rc4 36.d5 Ra4
37.dxe6+ Kxe6 38.Rc2 Ra3 39.Rb2  1/2-1/2

[Event "CZE-ch (Women)"]
[Site "Chrudim"]
[Date "1994.??.??"]
[Round "1"]
[White "Bartoszova, J."]
[Black "Houskova, M."]
[Result "0-1"]
[WhiteElo "2075"]
[BlackElo "1890"]

1.d4 Nf6 2.c4 g6 3.Nc3 d5 4.cxd5 Nxd5 5.e4 Nxc3 6.bxc3 Bg7 7.Be3 O-O 8.Bc4 c5
9.Ne2 Nc6 10.Rc1 Qc7 11.O-O Na5 12.Bd3 b6 13.Qd2 Rd8 14.e5 Bb7 15.f4 e6 16.Ng3 Qd7
17.f5 Bxe5 18.fxe6 Qxe6 19.Bg5 Rd7 20.Rce1 cxd4 21.Bf6 dxc3 22.Qh6 Qxf6 23.Rxf6 Bxf6
24.Nh5 Bh8 25.Re3 Rad8 26.Bc2 Rd2 27.Be4 c2 28.Bxc2 Rxc2 29.g4  0-1

[Event "CZE-ch (Women)"]
[Site "Chrudim"]
[Date "1994.??.??"]
[Round "1"]
[White "Vacovska, Veronika"]
[Black "Cedikova, Katerina"]
[Result "1-0"]
[WhiteElo "1930"]
[BlackElo "1640"]

1.d4 Nf6 2.c4 g6 3.Nc3 d5 4.cxd5 Nxd5 5.e4 Nxc3 6.bxc3 Bg7 7.Bc4 c5 8.Ne2 O-O
9.O-O cxd4 10.cxd4 Nc6 11.Be3 b6 12.Rc1 Bb7 13.Bb5 Rc8 14.Qa4 Na5 15.d5 a6
16.Rxc8 Bxc8 17.Bc6 b5 18.Qc2 Bd7 19.Bd4 Bxc6 20.Bxg7 Kxg7 21.dxc6 Qc7 22.Qc3+ Kg8
23.Rd1 Nc4 24.a4 Qxc6 25.axb5 axb5 26.Ng3 Rc8 27.h4 Nd6 28.Qe5 Qb7 29.h5 b4
30.h6 f6 31.Qe6+ Kf8 32.Rb1 Rc2 33.e5 Qa7 34.Rf1 Ne8 35.Ne4 Re2 36.Qc4 Rb2
37.Nc5 Rd2 38.Ne6+ Kg8 39.Ng5+ Kh8 40.Qf7 Qa2 41.Qf8+ Qg8 42.Nf7+  1-0

[Event "Porz op"]
[Site "Cologne"]
[Date "1994.??.??"]
[Round "5"]
[White "Kniest, Oliver"]
[Black "Swol, Michal"]
[Result "0-1"]
[WhiteElo "2165"]
[BlackElo "2310"]

1.d4 Nf6 2.c4 g6 3.Nc3 d5 4.cxd5 Nxd5 5.e4 Nxc3 6.bxc3 Bg7 7.Nf3 c5 8.Rb1 O-O
9.Qd2 b6 10.Bc4 Bb7 11.Qe3 cxd4 12.cxd4 Nc6 13.d5 Na5 14.Bd3 Rc8 15.Qe2 e6
16.Ba3 Bc3+ 17.Kf1 exd5 18.Bxf8 Qxf8 19.e5 Re8 20.Bb5 Re6 21.Bd7 Re7 22.e6 fxe6
23.Bxe6+ Kg7 24.Qd3 Qf6 25.Bh3 d4 26.Qd1 Ba6+ 27.Kg1 d3 28.g3 d2 29.Nxd2 Re2
30.Ne4 Rxe4 31.Bf1 Bd4 32.Qc2 Re2 33.Qc7+ Kh6  0-1

[Event "CZE-chT"]
[Site "?"]
[Date "1994.??.??"]
[Round "?"]
[White "Zvara, Petr"]
[Black "Pribyl, Martin"]
[Result "0-1"]
[WhiteElo "2325"]
[BlackElo "2360"]

1.d4 Nf6 2.c4 g6 3.Nc3 d5 4.cxd5 Nxd5 5.e4 Nxc3 6.bxc3 Bg7 7.Bc4 c5 8.Ne2 Nc6
9.Be3 O-O 10.Rc1 cxd4 11.cxd4 Qa5+ 12.Kf1 Bd7 13.h4 Rfc8 14.h5 Nd8 15.hxg6 hxg6
16.f3 Ba4 17.Qd3 b5 18.Bd5 Rxc1+ 19.Bxc1 Rc8 20.Bg5 e6 21.Bb3 Bxb3 22.Qxb3 Nc6
23.e5 Qa4 24.Qxa4 bxa4 25.Kf2 Nb4 26.Bd2 Nxa2 27.Rb1 a3 28.Ng3 Nc3 29.Bxc3 Rxc3
30.Ne4 Rc2+ 31.Ke3 a2 32.Ra1 Rxg2 33.Nf2 Bh6+ 34.Ke2 Bf4 35.Kf1 Rh2 36.Kg1 Bg3
37.Ne4 Rb2 38.Nc3 Bf2+ 39.Kf1 Bxd4 40.Nxa2 Rf2+  0-1

[Event "DEN-chT 9495"]
[Site "?"]
[Date "1994.??.??"]
[Round "3"]
[White "Christiansen, Jens Jorgen"]
[Black "Andersen, Jan Ivan"]
[Result "1/2-1/2"]
[WhiteElo "2265"]
[BlackElo "2215"]

1.d4 Nf6 2.c4 g6 3.Nc3 d5 4.cxd5 Nxd5 5.e4 Nxc3 6.bxc3 Bg7 7.Bb5+ c6 8.Ba4 O-O
9.Ne2 b5 10.Bb3 Bb7 11.O-O c5 12.d5 Nd7 13.Be3 Rc8 14.Rb1 a5 15.Ba4 b4 16.a3 Ba6
17.cxb4 cxb4 18.axb4 axb4 19.Bxd7 Qxd7 20.Rxb4 Rb8 21.Rxb8 Rxb8 22.Re1 Bxe2
23.Qxe2 Qa4 24.Qd1 Qc4 25.Qc1 Qd3 26.f3 Bc3 27.Qd1 Qc4 28.Qe2 Qa4 29.Qd1  1/2-1/2

[Event "Djakovo op"]
[Site "Djakovo"]
[Date "1994.??.??"]
[Round "9"]
[White "Vukelic, Tomislav"]
[Black "Petrovic, Djordje"]
[Result "1-0"]
[WhiteElo "2365"]
[BlackElo "2305"]

1.d4 Nf6 2.c4 g6 3.Nc3 d5 4.cxd5 Nxd5 5.e4 Nxc3 6.bxc3 Bg7 7.Be3 O-O 8.Qd2 c5
9.Rb1 Nc6 10.d5 Qa5 11.Rb5 Bxc3 12.Rxa5 Bxa5 13.dxc6 Bxd2+ 14.Kxd2 bxc6 15.Bc4 a5
16.Nf3 Ba6 17.Bxa6 Rxa6 18.Bxc5 Rd8+ 19.Kc3 e6 20.Rb1 f6 21.Be7 Rf8 22.Bxf8 Kxf8
23.Rb7 Kg8 24.a4 e5  1-0

[Event "Elenite"]
[Site "Elenite"]
[Date "1994.??.??"]
[Round "3"]
[White "Gurevich, Mikhail"]
[Black "Azmaiparashvili, Zurab"]
[Result "1/2-1/2"]
[WhiteElo "2620"]
[BlackElo "2625"]

1.d4 Nf6 2.c4 g6 3.Nc3 d5 4.cxd5 Nxd5 5.e4 Nxc3 6.bxc3 Bg7 7.Qa4+ Qd7 8.Qxd7+ Bxd7
9.Ba3 e5 10.Nf3 exd4 11.cxd4 Nc6 12.Rc1 O-O-O 13.d5 Rhe8 14.dxc6 Rxe4+ 15.Be2 Bxc6
16.Bc5 Bh6 17.Be3 Bxe3 18.fxe3 Rxe3 19.Kf2 Ra3 20.Rc2 Be4 21.Rb2 Bd5 22.Ra1 Rd6
23.Nd2 Rf6+ 24.Kg1 Rf4 25.Rc2 Ra5 26.Nc4 Rc5 27.Rac1 Re4 28.Kf2 Rf4+ 29.Kg1 Re4
30.Bf1 Be6 31.a3 a6 32.Rc3 Rd4 33.Be2 Kd7 34.Kf2 b5 35.Na5 Rxc3 36.Rxc3 Bd5
37.g4 Kd6 38.Nb3 Bxb3 39.Rxb3 c5 40.Rh3 Rf4+ 41.Ke1 b4 42.axb4 cxb4 43.Bxa6 Rxg4
44.Rxh7 b3 45.Rxf7 Rb4 46.Bd3 b2 47.Bb1 Rc4 48.Ke2 Rc1 49.Rf1 Ke5 50.Bd3 Rxf1
51.Kxf1 Kf4 52.Kg2 Kg4 53.Bc2 Kh4  1/2-1/2

[Event "Finkenstein op"]
[Site "Finkenstein"]
[Date "1994.??.??"]
[Round "?"]
[White "Kragelj, Igor"]
[Black "Kronig, G."]
[Result "1-0"]
[WhiteElo "2230"]
[BlackElo "2050"]

1.d4 Nf6 2.c4 g6 3.Nc3 d5 4.cxd5 Nxd5 5.e4 Nxc3 6.bxc3 Bg7 7.Be3 O-O 8.Qd2 c5
9.Nf3 Nc6 10.d5 Na5 11.Bxc5 Qc7 12.Bd4 Nc4 13.Qd3 Nb2 14.Qd2 Nc4 15.Qd3 Nb2
16.Qc2 Bxd4 17.Nxd4 Na4 18.Bd3 Qxc3+ 19.Qxc3 Nxc3 20.Kd2 Na4 21.Rac1 a6 22.Rc7 Re8
23.Rb1 Kf8 24.Bc2 b5 25.Bxa4 bxa4 26.Nc6 a5 27.Rb5 Ba6 28.Rxa5 Bc4 29.Rca7 Rxa7
30.Rxa7 Bf1 31.g3 Bg2 32.Ke3 f5 33.f3 fxe4 34.fxe4 Bf1 35.Ra5 Bc4 36.Rxa4 Bb5
37.Ra7 Bxc6 38.dxc6 Rc8 39.c7 Ke8 40.Kd4 Kd7 41.Kc5  1-0

[Event "Finkenstein op"]
[Site "Finkenstein"]
[Date "1994.??.??"]
[Round "?"]
[White "Solmajer, Luka"]
[Black "Pirkelbauer, P."]
[Result "1/2-1/2"]
[WhiteElo "2075"]
[BlackElo "1915"]

1.d4 Nf6 2.c4 g6 3.Nc3 d5 4.cxd5 Nxd5 5.e4 Nxc3 6.bxc3 Bg7 7.Bb5+ Bd7 8.Be2 c5
9.Bb2 Qa5 10.Kf1 O-O 11.Nf3 Rd8 12.Qb3 Na6 13.a4 Bg4 14.d5 Rd6 15.Qc2 c4
16.Bxc4 Bxf3 17.gxf3 Rc8 18.Be2 Bxc3 19.Rc1 Bxb2 20.Qxc8+ Rd8 21.Qxb7 Bxc1
22.Qxa6 Qxa6 23.Bxa6 Kg7 24.Kg2 Ba3 25.f4 Rd6 26.Bb5 e6 27.Ra1 Bb4 28.Bc6 exd5
29.Bxd5 Rd7 30.Rb1 Bd6 31.Kf3 a5 32.Rb5 Bb4 33.Rb7 Rxb7 34.Bxb7 f6 35.Bc8 Kf7
36.f5 g5 37.Be6+ Kg7 38.Kg4 Bd6 39.h4 h6 40.Kh5 Be5 41.Bd7 Bf4 42.Be6 Be5  1/2-1/2

[Event "Formia op"]
[Site "Formia"]
[Date "1994.??.??"]
[Round "5"]
[White "Alterman, Boris"]
[Black "Sarno, Spartaco"]
[Result "1-0"]
[WhiteElo "2595"]
[BlackElo "2395"]

1.d4 g6 2.c4 Nf6 3.Nc3 d5 4.cxd5 Nxd5 5.e4 Nxc3 6.bxc3 Bg7 7.Bb5+ c6 8.Ba4 b5
9.Bb3 b4 10.Bb2 bxc3 11.Bxc3 O-O 12.Ne2 Nd7 13.O-O c5 14.Rc1 cxd4 15.Nxd4 Ne5
16.f4 Ng4 17.Nc6 Qb6+ 18.Bd4 Bxd4+ 19.Qxd4 Qxd4+ 20.Nxd4 Ba6 21.Rfd1 Rac8
22.Nc6 Rc7 23.Nb4 Rxc1 24.Rxc1 Bb5 25.h3 Nf6 26.e5 Nh5 27.Nd5 Rd8 28.Nxe7+ Kf8
29.Nd5 Ba4 30.Rc5 Bxb3 31.axb3 Ke8 32.g4 Ng3 33.Nf6+ Ke7 34.Kf2 Rd3 35.Rc8  1-0

[Event "FRA-chT "]
[Site "FRA"]
[Date "1994.??.??"]
[Round "5"]
[White "Touzane, Olivier"]
[Black "Schmitt, Andre"]
[Result "1-0"]
[WhiteElo "2330"]
[BlackElo "2325"]

1.d4 Nf6 2.c4 g6 3.Nc3 d5 4.cxd5 Nxd5 5.e4 Nxc3 6.bxc3 Bg7 7.Nf3 c5 8.Rb1 O-O
9.Be2 b6 10.O-O Bb7 11.Qd3 Ba6 12.Qe3 Qc8 13.e5 e6 14.Ng5 Bxe2 15.Qxe2 Qa6
16.Qe4 Qxa2 17.Be3 Qd5 18.Qh4 h6 19.Ne4 Nd7 20.Rbd1 c4 21.Nd6 g5 22.Qh5 a6
23.h4 f6 24.Qg6 b5 25.f4 gxh4 26.f5 exf5 27.Bxh6 Rf7 28.Nxf5 Nf8 29.Qg4 Qd7
30.Qe4 Re8 31.Nxg7 Rxg7 32.Bxg7 Qxg7 33.exf6 Rxe4 34.fxg7 Kxg7 35.d5 Nd7
36.Rfe1 Rxe1+ 37.Rxe1 Kf7 38.d6 Nf6 39.Re7+ Kf8 40.Kh2 Ng8 41.Re6  1-0

[Event "FRA-chT "]
[Site "FRA"]
[Date "1994.??.??"]
[Round "8"]
[White "Laclau, Daniel"]
[Black "Kouatly, Bachar"]
[Result "0-1"]
[WhiteElo "2245"]
[BlackElo "2480"]

1.d4 Nf6 2.c4 g6 3.Nc3 d5 4.cxd5 Nxd5 5.e4 Nxc3 6.bxc3 Bg7 7.Nf3 c5 8.Be2 Nc6
9.Be3 Bg4 10.Rb1 Bxf3 11.gxf3 cxd4 12.cxd4 Bxd4 13.Bxd4 Nxd4 14.Qa4+ b5 15.Bxb5+ Kf8
16.f4 Qd6 17.Be2 Kg7 18.Rd1 Rhd8 19.Rg1 Rab8 20.Rg3 Rb2  0-1

[Event "FRA-chT "]
[Site "FRA"]
[Date "1994.??.??"]
[Round "9"]
[White "Mora, Virginie"]
[Black "Dubois, Martine"]
[Result "1/2-1/2"]
[WhiteElo "2165"]
[BlackElo "2070"]

1.d4 Nf6 2.c4 g6 3.Nc3 d5 4.cxd5 Nxd5 5.e4 Nxc3 6.bxc3 Bg7 7.Nf3 c5 8.Rb1 O-O
9.Be2 b6 10.Qd2 cxd4 11.cxd4 Bb7 12.d5 f5  1/2-1/2

[Event "Garmisch"]
[Site "Garmisch"]
[Date "1994.??.??"]
[Round "13"]
[White "Lobron, Eric"]
[Black "Sokolov, Ivan"]
[Result "0-1"]
[WhiteElo "2580"]
[BlackElo "2625"]

1.d4 Nf6 2.c4 g6 3.Nc3 d5 4.cxd5 Nxd5 5.e4 Nxc3 6.bxc3 Bg7 7.Nf3 c5 8.Rb1 O-O
9.Be2 Qa5 10.O-O Qxc3 11.d5 Qa5 12.Bb2 b6 13.Bxg7 Kxg7 14.Ne5 Ba6 15.Bxa6 Qxa6
16.Qd2 f6 17.Ng4 Nd7 18.Rb3 Qc4 19.Re1 Ne5 20.Nh6 Qd4 21.Qf4 Kh8 22.Rh3 Nd3
23.Qh4 g5  0-1

[Event "Troll Masters"]
[Site "Gausdal"]
[Date "1994.??.??"]
[Round "1"]
[White "Lyrberg, Patrik"]
[Black "Ernst, Thomas"]
[Result "0-1"]
[WhiteElo "2415"]
[BlackElo "2480"]

1.d4 Nf6 2.c4 g6 3.Nc3 d5 4.cxd5 Nxd5 5.e4 Nxc3 6.bxc3 Bg7 7.Bc4 c5 8.Be3 Nc6
9.Ne2 O-O 10.Rc1 cxd4 11.cxd4 Qa5+ 12.Kf1 Bd7 13.h4 Rfc8 14.h5 e5 15.d5 Nd4
16.hxg6 hxg6 17.Nxd4 Rxc4 18.Rxc4 Qa6 19.Qd3 exd4 20.Bxd4 Bb5 21.Kg1 Bxc4
22.Qc3 f6 23.e5 Qa4 24.Rh3 f5 25.Rh4 g5 26.e6 gxh4 27.Bxg7 Qd1+ 28.Kh2 Qg4  0-1

[Event "Gausdal Int"]
[Site "Gausdal"]
[Date "1994.??.??"]
[Round "5"]
[White "Djurhuus, Rune"]
[Black "Steingrimsson, Hedinn"]
[Result "1/2-1/2"]
[WhiteElo "2470"]
[BlackElo "2410"]

1.d4 Nf6 2.c4 g6 3.Nc3 d5 4.cxd5 Nxd5 5.e4 Nxc3 6.bxc3 Bg7 7.Be3 c5 8.Qd2 Qa5
9.Rc1 O-O 10.Nf3 cxd4 11.cxd4 Qxd2+ 12.Kxd2 Rd8 13.Bb5 Bg4 14.Rc7 a6 15.Bd3 Bxf3
16.gxf3 e6 17.d5 exd5 18.exd5 Nd7 19.Bg5 Bf6 20.Bh6 Nb6 21.Rxb7 Nxd5 22.Rc1 Rd6
23.Rcb1 Rad8 24.Rb8 Nc3 25.Rxd8+ Rxd8 26.Rb6 Nxa2 27.Kc2 Rc8+ 28.Kd2 Bc3+
29.Ke2 Bg7 30.Bxa6 Re8+ 31.Be3 Nc3+ 32.Kf1 Nd5 33.Rb3 Nxe3+ 34.fxe3 g5 35.Bc4 Bf6
36.Kf2 Kg7 37.Rb7 Re7 38.Rxe7  1/2-1/2

[Event "Peer Gynt"]
[Site "Gausdal"]
[Date "1994.??.??"]
[Round "5"]
[White "Nordahl, Helge"]
[Black "Beshukov, Sergei"]
[Result "0-1"]
[WhiteElo "2245"]
[BlackElo "2495"]

1.d4 Nf6 2.c4 g6 3.Nc3 d5 4.cxd5 Nxd5 5.e4 Nxc3 6.bxc3 Bg7 7.Nf3 c5 8.Be3 Qa5
9.Qd2 Nc6 10.Rc1 cxd4 11.cxd4 Qxd2+ 12.Kxd2 O-O 13.Bb5 Rd8 14.Bxc6 bxc6 15.Rxc6 Bb7
16.Rc7 Bxe4 17.Rxe7 Bd5 18.Rc1 Bf8 19.Rec7 Bd6 20.R7c2 Ba3 21.Rd1 a5 22.Ke2 Rdc8
23.Rxc8+ Rxc8 24.Nd2 Rc2 25.Kd3 Rxa2 26.Ne4 Bb3 27.Rd2 Ra1 28.Nc3 Bb4 29.Re2 Be6
30.Bd2 Kg7 31.d5 Bc8 32.Kd4 Ba6 33.Re1 Rxe1 34.Bxe1 a4 35.Bd2 a3 36.Bc1 Kf8
37.Ne4 Ke7 38.Nd2 a2 39.Nb3 Bd6 40.f4 Kf6 41.Ke4 Bc4 42.Bb2+ Ke7 43.Nd2 Ba6
44.g3 Bc5 45.g4 Bc8 46.f5 Bd6 47.h3 Ba6 48.Nf3 Bf1 49.f6+ Ke8 50.h4 Bg2 51.h5 Kd7
52.Ke3 Bxf3 53.Kxf3 Kc7 54.hxg6 hxg6 55.Ke4 Kb6 56.Kd4 Kb5 57.Bc3 Bc7 58.Bb2 Bb8
59.Bc3 Bd6 60.Ba1 Kb4 61.Bc3+ Kb3 62.Kd3 Ba3 63.Ba1 Bb2  0-1

[Event "Peer Gynt"]
[Site "Gausdal"]
[Date "1994.??.??"]
[Round "7"]
[White "Pein, Malcolm"]
[Black "Beshukov, Sergei"]
[Result "1/2-1/2"]
[WhiteElo "2420"]
[BlackElo "2495"]

1.d4 Nf6 2.c4 g6 3.Nc3 d5 4.cxd5 Nxd5 5.e4 Nxc3 6.bxc3 Bg7 7.Bc4 c5 8.Ne2 O-O
9.O-O Nc6 10.Be3 Qc7 11.Rc1 Rd8 12.Qd2 Qa5 13.Rfd1 b6 14.Bh6 Ba6 15.Bxa6 Qxa6
16.Bxg7 Kxg7 17.d5 Qc4 18.Ng3 f6 19.Qe3 Ne5 20.Ne2 Ng4 21.Qf3 Ne5 22.Qe3 Ng4
23.Qf3  1/2-1/2

[Event "Bundesliga 9394"]
[Site "Germany"]
[Date "1994.??.??"]
[Round "?"]
[White "Vogel, Robert"]
[Black "Hort, Vlastimil"]
[Result "0-1"]
[WhiteElo "2330"]
[BlackElo "2535"]

1.d4 Nf6 2.c4 g6 3.Nc3 d5 4.cxd5 Nxd5 5.e4 Nxc3 6.bxc3 Bg7 7.Bc4 Nc6 8.Ne2 O-O
9.O-O b6 10.Bg5 Bb7 11.Qd2 Qd7 12.Rad1 Rae8 13.Qe3 Na5 14.Bd3 Qa4 15.f4 Nc4
16.Qc1 f6 17.Bh4 e6 18.Rf2 Qxa2 19.f5 exf5 20.Qa1 Qa6 21.exf5 g5 22.Bg3 Re3
23.Bxc4+ Qxc4 24.Qxa7 Bd5 25.Nc1 Rxg3  0-1